Celebrity Deaths 1900-1919 - Statistics

General Stats
  • This quiz has been taken 134 times
  • The average score is 17 of 30
Answer Stats
Hint Year Answer % Correct
The queen who ruled the British Empire for 63+ years 1901 Queen Victoria
88%
The author of Tom Sawyer and Huckleberry Finn 1910 Mark Twain
86%
Author of War and Peace and Anna Karenina 1910 Leo Tolstoy
82%
The man whose killing sparked WWI 1914 Franz Ferdinand
81%
British nursing hero of the Crimean War 1910 Florence Nightingale
77%
The last emperor of Russia 1918 Nicholas II
77%
Irish author who wrote Dracula 1912 Bram Stoker
75%
President of the United States from 1901 to 1909 1919 Theodore Roosevelt
75%
Wild-eyed court mystic of Czarist Russia 1916 Grigori Rasputin
72%
Creator of famous denim jeans 1902 Levi Strauss
69%
The 22nd and the 24th president of the United States 1908 Grover Cleveland
66%
German who said "God is dead" 1900 Friedrich Nietzsche
65%
Newspaperman who started the prize named after him 1911 Joseph Pulitzer
64%
Irish author of The Importance of Being Earnest 1900 Oscar Wilde
61%
President of the United States from 1897 to 1901 1901 William McKinley
61%
President of the United States from 1889 to 1893 1901 Benjamin Harrison
55%
Author of Around the World in Eighty Days 1905 Jules Verne
55%
The most famous conductor on the 'Underground Railroad' 1913 Harriet Tubman
54%
Chemist who created the periodic table of elements 1907 Dmitri Mendeleev
53%
Explorer of Africa who searched for David Livingstone 1904 Henry Morton Stanley
52%
The women's rights activist on the one-dollar coin 1906 Susan B. Anthony
47%
Outlaws of the old American west 1907 The Sundance Kid
45%
Outlaws of the old American west 1907 Butch Cassidy
42%
The Viennese painter of 1908's The Kiss 1918 Gustav Klimt
35%
Post-Impressionist painter of Tahitian girls 1903 Paul Gaugin
35%
French novelist and the author of J'Accuse 1902 Emile Zola
28%
The great peasant hero of the Mexican Revolution 1919 Emiliano Zapata
28%
Early 20th century financier who formed U.S. Steel 1913 J.P. Morgan
23%
Russian writer and the author of The Cherry Orchard 1904 Anton Chekhov
22%
The Confederate Civil War general blamed for the Gettysburg loss 1904 James Longstreet
0%
No matching quizzes found
Score Distribution
Percent of People with Each Score
Percentile by Number Answered
Your Score History
You have not taken this quiz